Acesso à informação pública / (Record no. 362)

MARC details
000 -LÍDER
Campo Fixo de Controle 01007nam a2200277 a 4500
001 - NÚMERO DE CONTROLE
Campo de Controle 362
003 - IDENTIFICAÇÃO DO NÚMERO DE CONTROLE
Campo de Controle BR-CuiBMT
005 - DATA E HORA DA ÚLTIMA ATUALIZAÇÃO
Campo de Controle 20231122001108.0
008 - DADOS FIXOS
Dados Fixos 231101s2015 mgb 000 0 por d
020 ## - INTERNATIONAL STANDARD BOOK NUMBER
Nº do ISBN 9788545000228
040 ## - AGÊNCIA CATALOGADORA
Código da Agência Catalogadora BR-CuiBMT
Agência que transcreveu o registro BR-CuiBMT
080 ## - Nº DA CLASSIFICAÇÃO DECIMAL UNIVERSAL
Nº edição CDU 2007
Nº Class. CDU 342.72/.73:35
090 ## - NÚMERO DE CHAMADA
Nº classificação 342.72/.73:35
Cutter A174
245 00 - TÍTULO PRINCIPAL
Título principal Acesso à informação pública /
Indicação de responsabilidade Rafael Valim, Antonio Carlos Malheiros, Josephina Bacariça (in memoriam), coordenadores ; [autores: Ana Paola Amorim ... et al.] ; Celso Antônio Bandeira de Melo, prefácio.
260 ## - PUBLICAÇÃO, DISTRIBUIÇÃO, ETC.
Local de publicação Belo Horizonte :
Editora Fórum,
Data c2015.
300 ## - DESCRIÇÃO FÍSICA
N. páginas ou volumes 271 p. ;
Dimensões 22 cm
500 ## - NOTAS GERAIS
Notas gerais Vários colaboradores.
504 ## - NOTA DE BIBLIOGRAFIA, ETC.
Nota de bibliografia Inclui bibliografia.
650 ## - ASSUNTO TÓPICO
Cabeçalho tópico ou nome geográfico Acesso à informação pública
Subdivisão geográfica Brasil
650 ## - ASSUNTO TÓPICO
Cabeçalho tópico ou nome geográfico Direito à informação
Subdivisão geográfica Brasil
700 1# - ENTRADA SECUNDÁRIA -- NOME PESSOAL
Nome pessoal Valim, Rafael
Datas associadas ao nome coord.
700 1# - ENTRADA SECUNDÁRIA -- NOME PESSOAL
Nome pessoal Malheiros, Antonio Carlos
Cód. do termo explicativo coord.
700 1# - ENTRADA SECUNDÁRIA -- NOME PESSOAL
Nome pessoal Bacariça, Josephina
Cód. do termo explicativo coord.
700 1# - ENTRADA SECUNDÁRIA -- NOME PESSOAL
Nome pessoal Amorim, Ana Paola
Termo de relação et al.
-- autores
942 ## - ELEMENTOS DE ENTRADA ADICIONAIS (KOHA)
Fonte de classificação ou esquema de arquivamento Classificação Decimal Universal
Tipo de item do Koha Livros
Holdings
Estado: removido Estado: perdido Fonte de classificação ou esquema de arquivamento Estado: danificado Indisponível para empréstimo Localização permanente Localização atual Data de aquisição Total Checkouts Número de Chamada completo Código de barras Date last seen Número do exemplar Preço efetivo a partir de Tipo de item (Koha)
    Classificação Decimal Universal     Biblioteca da Escola Superior de Contas do TCE/MT Biblioteca da Escola Superior de Contas do TCE/MT 15/08/2019   342.72/.73:35 A174 BIBTCEMT23110053 01/11/2023 Ex. 1 01/11/2023 Livros
    Classificação Decimal Universal     Biblioteca da Escola Superior de Contas do TCE/MT Biblioteca da Escola Superior de Contas do TCE/MT 15/08/2019   342.72/.73:35 A174 BIBTCEMT23110054 01/11/2023 Ex. 2 01/11/2023 Livros

Powered by Koha